书目信息 |
| 题名: |
给青年商人的100条忠告
|
|
| 作者: | 文同 编著 | |
| 分册: | ||
| 出版信息: | 北京 企业管理出版社 2001.05 |
|
| 页数: | 322页 | |
| 开本: | 21cm | |
| 丛书名: | ||
| 单 册: | ||
| 中图分类: | F715 | |
| 科图分类: | ||
| 主题词: | 商业经营--经验 | |
| 电子资源: | ||
| ISBN: | 7-80147-274-8 | |
| 000 | 00939nam0 2200241 450 | |
| 001 | 192004003540 | |
| 005 | 20070905102821.48 | |
| 010 | @a7-80147-274-8@dCNY19.80 | |
| 100 | @a20070602d2001 em y0chiy0121 ea | |
| 101 | 0 | @achi |
| 102 | @aCN@b110000 | |
| 105 | @ay z 000yy | |
| 200 | 1 | @a给青年商人的100条忠告@Agei qing nian shang ren de100 tiao zhong gao@d= 100 Sincere Advices for Young Businessmen@f文同编著@zeng |
| 210 | @a北京@c企业管理出版社@d2001.05 | |
| 215 | @a322页@d21cm | |
| 300 | @a并列题名:100 Sincere Advices for Young Businessmen | |
| 330 | @a本书内容包括:关于修身的忠告、关于钱财的忠告、关于交际的忠告、关于创业的忠告、关于经营的忠告、关于合伙的忠告、关于推销的忠告、关于说话的忠告、关于习惯的忠告、关于心情的忠告。 | |
| 510 | 1 | @a100 Sincere Advices for Young Businessmen@zeng |
| 606 | 1 | @a商业经营@x经验 |
| 690 | @aF715@v4 | |
| 701 | 0 | @a文同@Awen tong@4编著 |
| 801 | 0 | @aCN@c20070905 |
| 905 | @dF715@eW662 | |
| 给青年商人的100条忠告= 100 Sincere Advices for Young Businessmen/文同编著.-北京:企业管理出版社,2001.05 |
| 322页;21cm |
| 并列题名:100 Sincere Advices for Young Businessmen |
| ISBN 7-80147-274-8:CNY19.80 |
| 本书内容包括:关于修身的忠告、关于钱财的忠告、关于交际的忠告、关于创业的忠告、关于经营的忠告、关于合伙的忠告、关于推销的忠告、关于说话的忠告、关于习惯的忠告、关于心情的忠告。 |
| ● |
| 相关链接 |
|
|
|
正题名:给青年商人的100条忠告
索取号:F715/W662
 
预约/预借
| 序号 | 登录号 | 条形码 | 馆藏地/架位号 | 状态 | 备注 |
| 1 | 619135 | 206191351 | 社科库409/409社科库 45排3列4层/ [索取号:F715/W662] | 在馆 | |
| 2 | 619136 | 206191360 | 社科库409/409社科库 45排3列4层/ [索取号:F715/W662] | 在馆 | |
| 3 | 619137 | 206191379 | 社科库409/409社科库 45排3列4层/ [索取号:F715/W662] | 在馆 |